Модели человека и их реализация в различных образовательных системах; Вестник Томского государственного педагогического университета; № 1

Dettagli Bibliografici
Parent link:Вестник Томского государственного педагогического университета/ Томский государственный педагогический университет (ТГПУ).— , 1997-
№ 1.— 2008.— [С. 123-125]
Autore principale: Роготнева Е. Н. Елена Николаевна
Riassunto:Заглавие с экрана
Режим доступа: по договору с организацией-держателем ресурса
Lingua:russo
Pubblicazione: 2008
Soggetti:
Accesso online:http://elibrary.ru/item.asp?id=11621299
http://vestnik.tspu.ru/archive.html?year=2008&issue=1&article_id=1064
Natura: Elettronico Capitolo di libro
KOHA link:https://koha.lib.tpu.ru/cgi-bin/koha/opac-detail.pl?biblionumber=638492

MARC

LEADER 00000naa0a2200000 4500
001 638492
005 20250204134630.0
035 |a (RuTPU)RU\TPU\network\2856 
090 |a 638492 
100 |a 20150127d2008 k||y0rusy50 ca 
101 0 |a rus 
102 |a RU 
135 |a drnn ---uucaa 
181 0 |a i  
182 0 |a b 
200 1 |a Модели человека и их реализация в различных образовательных системах  |f Е. Н. Роготнева 
203 |a Текст  |c электронный 
300 |a Заглавие с экрана 
320 |a [Библиогр.: с. 125 (2 назв.)] 
333 |a Режим доступа: по договору с организацией-держателем ресурса 
461 |t Вестник Томского государственного педагогического университета  |f Томский государственный педагогический университет (ТГПУ)  |d 1997- 
463 |t № 1  |v [С. 123-125]  |d 2008 
610 1 |a электронный ресурс 
610 1 |a труды учёных ТПУ 
610 1 |a человек 
610 1 |a образовательные системы 
610 1 |a реализация 
700 1 |a Роготнева  |b Е. Н.  |c социолог  |c доцент Томского политехнического университета, кандидат философских наук  |f 1976-  |g Елена Николаевна  |3 (RuTPU)RU\TPU\pers\26989  |9 12580 
801 2 |a RU  |b 63413507  |c 20150127  |g RCR 
856 4 0 |u http://elibrary.ru/item.asp?id=11621299 
856 4 0 |u http://vestnik.tspu.ru/archive.html?year=2008&issue=1&article_id=1064 
942 |c CF